[Event "4NCL Division One"]
[Site "Milton Keynes, ENG"]
[Date "2023.04.30"]
[Round "10.41"]
[White "Gormally, Daniel W"]
[Black "Murphy, Conor E"]
[Result "1/2-1/2"]
[WhiteElo "2434"]
[BlackElo "2450"]
[PlyCount "124"]
[EventDate "2023.04.30"]
[WhiteTeam "Blackthorne"]
[BlackTeam "Cambridge University 1"]

1. d4 d5 2. c4 e6 3. Nf3 Nf6 4. g3 Bb4+ 5. Bd2 a5 6. Qc2 O-O 7. Bg2 c5 8. dxc5
d4 9. O-O Nc6 10. Bg5 Bxc5 11. Nbd2 e5 12. Ne1 Be7 13. Bxf6 Bxf6 14. Nd3 Qc7
15. c5 Bf5 16. Be4 Bxe4 17. Nxe4 Be7 18. Qc4 Kh8 19. f4 f5 20. Nd6 Bxd6 21.
cxd6 Qxd6 22. fxe5 Nxe5 23. Qc5 Qxc5 24. Nxc5 Rfc8 25. Ne6 g6 26. Nxd4 Rc4 27.
Rfd1 Rac8 28. b3 Rc3 29. Nb5 Rc2 30. Nd4 R2c3 31. Nb5 R3c5 32. a4 Rc2 33. Nd4
R2c3 34. Rab1 Rd8 35. Ne6 Re8 36. Nd4 Rd8 37. Ne6 Re8 38. Nd4 Ng4 39. b4 Rc4
40. bxa5 Ne3 41. Rd3 Rxa4 42. h3 Re7 43. Nb5 Rxa5 44. Nd6 Ra4 45. Kf2 Nc2 46.
Rxb7 Rxb7 47. Nxb7 Nd4 48. Nc5 Rc4 49. Nb3 Ne6 50. Nd2 Rc2 51. h4 Kg7 52. Rd7+
Kf6 53. Ke3 h6 54. Nf3 Rc3+ 55. Rd3 Rc4 56. Rd6 Ke7 57. Rd5 Re4+ 58. Kf2 Kf6
59. Rd6 g5 60. hxg5+ hxg5 61. Ra6 g4 62. Ne1 Ke5 1/2-1/2

[Event "4NCL Division One"]
[Site "Milton Keynes, ENG"]
[Date "2023.04.30"]
[Round "10.42"]
[White "Bisby, Daniel L"]
[Black "Ansell, Simon T"]
[Result "1/2-1/2"]
[WhiteElo "2283"]
[BlackElo "2436"]
[PlyCount "53"]
[EventDate "2023.04.30"]
[WhiteTeam "Cambridge University 1"]
[BlackTeam "Blackthorne"]

1. e4 c5 2. Nf3 Nc6 3. d4 cxd4 4. Nxd4 e5 5. Nb5 d6 6. c4 Be6 7. N1c3 a6 8. Na3
g6 9. Nc2 Nf6 10. Be2 Bg7 11. Bg5 h6 12. Be3 Rc8 13. O-O h5 14. f3 O-O 15. Nd5
Ne7 16. Bb6 Qd7 17. Qd2 Bxd5 18. cxd5 Kh7 19. Be3 Nfg8 20. Rac1 Bh6 21. Bxh6
Nxh6 22. Ne3 b5 23. Rxc8 Rxc8 24. Rc1 Rxc1+ 25. Qxc1 Qa7 26. Kf1 f5 27. Qc3
1/2-1/2

[Event "4NCL Division One"]
[Site "Milton Keynes, ENG"]
[Date "2023.04.30"]
[Round "10.43"]
[White "Bates, Richard A"]
[Black "Gallagher, Daniel GH"]
[Result "1-0"]
[WhiteElo "2344"]
[BlackElo "2214"]
[PlyCount "89"]
[EventDate "2023.04.30"]
[WhiteTeam "Blackthorne"]
[BlackTeam "Cambridge University 1"]

1. d4 Nf6 2. Nf3 g6 3. g3 Bg7 4. Bg2 O-O 5. O-O d6 6. c4 Bf5 7. h3 c5 8. Nc3
Ne4 9. Nd5 Nc6 10. e3 Bd7 11. b3 e6 12. Nf4 e5 13. dxe5 Nxe5 14. Nxe5 Bxe5 15.
Bxe4 Bxa1 16. Qxd6 Bc6 17. Qxd8 Rfxd8 18. Nd5 Bxd5 19. Bxd5 Rab8 20. Ba3 Bf6
21. Bxc5 b6 22. Bb4 a5 23. Bd2 a4 24. bxa4 Rd7 25. Rb1 Be5 26. Bb4 Ra7 27. Bc6
Rc8 28. Bb5 Rd8 29. Kf1 f6 30. Ke2 Bd6 31. Rd1 Be7 32. Rxd8+ Bxd8 33. c5 bxc5
34. Bxc5 Rc7 35. Bb6 Rc8 36. Bxd8 Rxd8 37. a5 Kf8 38. Bc6 Ke7 39. a6 Kd6 40.
Bf3 Rd7 41. a4 f5 42. h4 h6 43. a5 g5 44. h5 g4 45. Bg2 1-0

[Event "4NCL Division One"]
[Site "Milton Keynes, ENG"]
[Date "2023.04.30"]
[Round "10.44"]
[White "McClement, Andrew"]
[Black "Ledger, Andrew J"]
[Result "0-1"]
[WhiteElo "2232"]
[BlackElo "2337"]
[PlyCount "58"]
[EventDate "2023.04.30"]
[WhiteTeam "Cambridge University 1"]
[BlackTeam "Blackthorne"]

1. Nf3 d5 2. c4 d4 3. b4 f6 4. Bb2 e5 5. Qb3 a5 6. a3 axb4 7. axb4 Rxa1 8. Bxa1
Na6 9. b5 Nc5 10. Qa2 Nh6 11. g3 d3 12. e3 Be6 13. Bg2 Bd6 14. O-O O-O 15. Rc1
Qa8 16. Na3 Qa4 17. Bb2 Ra8 18. Ne1 e4 19. f3 Nb3 20. Rc3 Nxd2 21. fxe4 Qd1 22.
Rc1 Qe2 23. e5 Ng4 24. Nxd3 Qxd3 25. exd6 Qxe3+ 26. Kh1 Nf2+ 27. Kg1 Nh3+ 28.
Kh1 Qg1+ 29. Rxg1 Nf2# 0-1

[Event "4NCL Division One"]
[Site "Milton Keynes, ENG"]
[Date "2023.04.30"]
[Round "10.45"]
[White "Duncan, Chris R"]
[Black "Hill, Alistair"]
[Result "1-0"]
[WhiteElo "2254"]
[BlackElo "2171"]
[PlyCount "81"]
[EventDate "2023.04.30"]
[WhiteTeam "Blackthorne"]
[BlackTeam "Cambridge University 1"]

1. Nf3 Nf6 2. c4 c5 3. Nc3 e6 4. e3 d5 5. d4 a6 6. a3 Nc6 7. cxd5 exd5 8. Be2
Bd6 9. dxc5 Bxc5 10. O-O O-O 11. b4 Bd6 12. Bb2 Be6 13. Nd4 Bd7 14. Bf3 Ne5 15.
Nxd5 Nxf3+ 16. Nxf3 Ne8 17. Qd4 Bc6 18. Rad1 a5 19. e4 axb4 20. axb4 Bxd5 21.
exd5 Ra4 22. Bc3 Qf6 23. Qc4 Qg6 24. Rfe1 Ra3 25. Ra1 Rxa1 26. Bxa1 Nf6 27. Qb5
Qg4 28. Bxf6 gxf6 29. Qxb7 Bxb4 30. Rd1 Bc5 31. d6 Qa4 32. Qd5 Qc2 33. Rf1 Rd8
34. d7 Bb6 35. g3 Qc5 36. Qd2 Qc6 37. Qf4 Rxd7 38. Rc1 Qe6 39. Re1 Qh3 40. Qxf6
Bxf2+ 41. Kxf2 1-0

[Event "4NCL Division One"]
[Site "Milton Keynes, ENG"]
[Date "2023.04.30"]
[Round "10.46"]
[White "Robertson, J Stuart"]
[Black "Ledger, Dave J"]
[Result "1-0"]
[WhiteElo "2160"]
[BlackElo "2279"]
[PlyCount "105"]
[EventDate "2023.04.30"]
[WhiteTeam "Cambridge University 1"]
[BlackTeam "Blackthorne"]

1. d4 Nf6 2. c4 e6 3. Nc3 Bb4 4. e3 c5 5. Nge2 b6 6. a3 Bxc3+ 7. Nxc3 Bb7 8. d5
O-O 9. Be2 exd5 10. cxd5 Re8 11. O-O d6 12. b4 Nbd7 13. Bb2 a6 14. b5 Ne4 15.
Nxe4 Rxe4 16. Bd3 Re8 17. Qh5 h6 18. Qf5 Nf8 19. e4 Bc8 20. Qf3 Ng6 21. Qe3 Qg5
22. f4 Qxd5 23. f5 Bxf5 24. exd5 Rxe3 25. Bxf5 axb5 26. Bxg6 fxg6 27. Rf3 Rxf3
28. gxf3 Ra4 29. Re1 b4 30. axb4 Rxb4 31. Ba1 Rb3 32. Kf2 Kf7 33. Re3 Rb1 34.
Re1 Rb3 35. Re6 Ra3 36. Bb2 Ra2 37. Re2 g5 38. Ke3 b5 39. Kd3 Ra4 40. Re6 Ra2
41. Kc2 Ra6 42. Kb3 b4 43. h3 Rb6 44. Be5 Ra6 45. Rxd6 Ra3+ 46. Kc4 Re3 47. Re6
Rxf3 48. Kxc5 b3 49. Rb6 Rxh3 50. Rb7+ Ke8 51. Kd6 b2 52. Ke6 Re3 53. Rb8# 1-0

[Event "4NCL Division One"]
[Site "Milton Keynes, ENG"]
[Date "2023.04.30"]
[Round "10.47"]
[White "Webb, Laurence E"]
[Black "Stewart, Ashley"]
[Result "1-0"]
[WhiteElo "2284"]
[BlackElo "2070"]
[PlyCount "159"]
[EventDate "2023.04.30"]
[WhiteTeam "Blackthorne"]
[BlackTeam "Cambridge University 1"]

1. d4 Nf6 2. c4 g6 3. Nc3 Bg7 4. e4 d6 5. Nf3 O-O 6. Be2 e5 7. dxe5 dxe5 8.
Qxd8 Rxd8 9. Bg5 Re8 10. Nd5 Nxd5 11. cxd5 c6 12. Bc4 cxd5 13. Bxd5 Nd7 14. Nd2
Nc5 15. O-O-O Ne6 16. Be3 Nf4 17. Bxf4 exf4 18. Kb1 Be6 19. Bxe6 Rxe6 20. f3 f5
21. exf5 gxf5 22. Rhe1 Rg6 23. Re2 Rd8 24. Rde1 Rd7 25. Nb3 b6 26. Rc1 Kf7 27.
Rcc2 Re6 28. a4 Re3 29. Ka2 Rdd3 30. Nc1 Rd7 31. Red2 Ke7 32. Rxd7+ Kxd7 33.
Rd2+ Ke6 34. Nd3 Be5 35. Kb3 Kd5 36. Kb4 Kc6 37. Kc4 Bd6 38. b4 a6 39. b5+
axb5+ 40. axb5+ Kb7 41. Nc1 Kc7 42. Nb3 Re1 43. Ra2 Kb7 44. h4 h5 45. Rd2 Kc7
46. Nd4 Re5 47. Nb3 Re1 48. Ra2 Kb7 49. Ra1 Re2 50. Rd1 Kc7 51. Rd5 Rc2+ 52.
Kd3 Rxg2 53. Rxf5 Rh2 54. Rxh5 Be7 55. Rh7 Kd6 56. Nd4 Bf6 57. Rh6 Ke5 58. Rh5+
Kd6 59. Ke4 Bxd4 60. Kxd4 Rb2 61. Rg5 Rb3 62. h5 Rxf3 63. Rg6+ Kc7 64. h6 Rh3
65. Rc6+ Kb7 66. Rf6 Kc7 67. Ke4 f3 68. Ke3 Rh5 69. Kxf3 Rxb5 70. Kg4 Rb1 71.
Kg5 Rg1+ 72. Kh5 Rh1+ 73. Kg6 Rg1+ 74. Kf7 b5 75. h7 Rh1 76. Kg7 b4 77. h8=Q
Rxh8 78. Kxh8 b3 79. Rf3 b2 80. Rb3 1-0

[Event "4NCL Division One"]
[Site "Milton Keynes, ENG"]
[Date "2023.04.30"]
[Round "10.48"]
[White "Sivanandan, Bodhana"]
[Black "Varney, Zoe"]
[Result "0-1"]
[WhiteElo "1967"]
[BlackElo "2089"]
[PlyCount "178"]
[EventDate "2023.04.30"]
[WhiteTeam "Cambridge University 1"]
[BlackTeam "Blackthorne"]

1. e4 e5 2. Nf3 Nc6 3. Nc3 Nf6 4. d4 exd4 5. Nxd4 Bb4 6. Nxc6 bxc6 7. Bd3 O-O
8. O-O d5 9. exd5 Bg4 10. Ne2 cxd5 11. h3 Bh5 12. c4 Re8 13. Qc2 Bg6 14. Bxg6
hxg6 15. Be3 Bd6 16. Rad1 Qe7 17. Nd4 Qe5 18. Nf3 Qh5 19. c5 Bf8 20. Ng5 Re5
21. Qc1 Rae8 22. Bf4 Re2 23. Rd2 Rxd2 24. Bxd2 Ne4 25. Nxe4 Rxe4 26. b3 d4 27.
b4 Qd5 28. a3 Be7 29. Re1 Bf6 30. a4 Kf8 31. a5 d3 32. Rxe4 Qxe4 33. b5 Bd4 34.
c6 Qe2 35. Qe1 Ke7 36. g3 Qxe1+ 37. Bxe1 Kd6 38. Bb4+ Kd5 39. Kf1 Be5 40. f4
Bd4 41. Ke1 Bc5 42. Bc3 f6 43. a6 Bb6 44. f5 gxf5 45. h4 Kc4 46. Kd2 Kxb5 47.
Kxd3 Bf2 48. h5 Bc5 49. Bd2 Kxc6 50. Kc4 Bf2 51. Bf4 Kd7 52. Kd5 c6+ 53. Kc4
Ke6 54. Bb8 Be3 55. Bc7 Kd7 56. Bb8 Bb6 57. Kd3 Kc8 58. Bd6 Kd7 59. Bb8 c5 60.
Kc3 c4 61. Kxc4 Kc6 62. Kb4 Be3 63. Kc4 Kb6 64. Kd5 Kxa6 65. Kc6 Ka5 66. Bd6
Ka4 67. Kd5 Kb3 68. Ke6 a5 69. Kxf5 a4 70. Kg6 Bh6 71. Be7 a3 72. Bxf6 gxf6 73.
Kxh6 a2 74. Kg6 a1=Q 75. h6 Qe5 76. h7 Qg5+ 77. Kf7 Qh6 78. Kg8 Qg6+ 79. Kh8 f5
80. g4 Qxh7+ 81. Kxh7 fxg4 82. Kh6 g3 83. Kh7 g2 84. Kh6 g1=Q 85. Kh7 Kc4 86.
Kh6 Kd5 87. Kh7 Ke6 88. Kh6 Kf6 89. Kh7 Qg7# 0-1

[Event "4NCL Division One"]
[Site "Milton Keynes, ENG"]
[Date "2023.04.30"]
[Round "10.51"]
[White "Sarakauskas, Gediminas"]
[Black "Chow, Samuel"]
[Result "1/2-1/2"]
[WhiteElo "2388"]
[BlackElo "2393"]
[PlyCount "29"]
[EventDate "2023.04.30"]
[WhiteTeam "Gonzaga"]
[BlackTeam "Chessable White Rose 2"]

1. d4 Nf6 2. c4 g6 3. Nc3 d5 4. cxd5 Nxd5 5. e4 Nxc3 6. bxc3 Bg7 7. Bb5+ Nd7 8.
Ne2 a6 9. Bd3 c5 10. O-O b5 11. a4 b4 12. Be3 cxd4 13. Bxd4 Bxd4 14. cxd4 a5
15. f4 1/2-1/2

[Event "4NCL Division One"]
[Site "Milton Keynes, ENG"]
[Date "2023.04.30"]
[Round "10.52"]
[White "Arnott, Jonathan W"]
[Black "Delaney, Killian"]
[Result "1/2-1/2"]
[WhiteElo "2196"]
[BlackElo "2294"]
[PlyCount "83"]
[EventDate "2023.04.30"]
[WhiteTeam "Chessable White Rose 2"]
[BlackTeam "Gonzaga"]

1. e4 c6 2. d4 d5 3. e5 Bf5 4. Nd2 e6 5. Nb3 Nd7 6. Nf3 Qc7 7. Be2 f6 8. Bf4
O-O-O 9. Bg3 fxe5 10. Nxe5 Nxe5 11. Bxe5 Bd6 12. Bxd6 Qxd6 13. Qd2 Nf6 14.
O-O-O Ne4 15. Qe3 Rhe8 16. f3 Nf6 17. Bd3 b6 18. Bxf5 exf5 19. Qg5 g6 20. Rhe1
Re6 21. Rxe6 Qxe6 22. Nd2 Re8 23. Nf1 Nh5 24. Ng3 Nxg3 25. Qxg3 Qe3+ 26. Rd2 f4
27. Qg4+ Kc7 28. Qh4 h5 29. c3 Kb7 30. Kc2 Re6 31. Qd8 Re7 32. Qd6 a5 33. Qxg6
a4 34. Qd3 Qg1 35. Re2 Rxe2+ 36. Qxe2 Qxh2 37. b3 axb3+ 38. Kxb3 Qg1 39. Qe7+
Ka6 40. Qa3+ Kb7 41. Qe7+ Ka6 42. Qa3+ 1/2-1/2

[Event "4NCL Division One"]
[Site "Milton Keynes, ENG"]
[Date "2023.04.30"]
[Round "10.53"]
[White "Wall, Gavin"]
[Black "Townsend, M Paul"]
[Result "1/2-1/2"]
[WhiteElo "2298"]
[BlackElo "2217"]
[PlyCount "43"]
[EventDate "2023.04.30"]
[WhiteTeam "Gonzaga"]
[BlackTeam "Chessable White Rose 2"]

1. e4 e6 2. d4 d5 3. e5 c5 4. c3 Bd7 5. Nf3 a6 6. Be3 cxd4 7. Nxd4 Ne7 8. f4
Nbc6 9. Bd3 Nxd4 10. Bxd4 Nc6 11. Bf2 Be7 12. Nd2 O-O 13. Qh5 h6 14. g4 Be8 15.
Qh3 f6 16. exf6 Rxf6 17. g5 Rxf4 18. gxh6 Rxf2 19. Kxf2 Bh4+ 20. Ke2 Bh5+ 21.
Nf3 Qf6 22. Rhg1 1/2-1/2

[Event "4NCL Division One"]
[Site "Milton Keynes, ENG"]
[Date "2023.04.30"]
[Round "10.54"]
[White "Weller, Jean-Luc"]
[Black "Freeman, Gordon"]
[Result "0-1"]
[WhiteElo "2224"]
[BlackElo "2222"]
[PlyCount "56"]
[EventDate "2023.04.30"]
[WhiteTeam "Chessable White Rose 2"]
[BlackTeam "Gonzaga"]

1. d4 d5 2. c4 c6 3. Nf3 Nf6 4. e3 Bg4 5. h3 Bxf3 6. Qxf3 e6 7. Nc3 Nbd7 8. Bd3
Bb4 9. O-O O-O 10. a3 Bxc3 11. bxc3 e5 12. Qg3 e4 13. Be2 Nb6 14. c5 Nc4 15. a4
Qa5 16. Ba3 Nxa3 17. Rxa3 b6 18. cxb6 axb6 19. Rb1 b5 20. Rbb3 bxa4 21. Rb4
Rfc8 22. Bd1 Qd8 23. Raxa4 Rxa4 24. Bxa4 c5 25. Rb5 cxd4 26. cxd4 h6 27. Qe5
Rc1+ 28. Kh2 Ng4+ 0-1

[Event "4NCL Division One"]
[Site "Milton Keynes, ENG"]
[Date "2023.04.30"]
[Round "10.55"]
[White "Delaney, John"]
[Black "Chan, Sheng Liang Bernard"]
[Result "1-0"]
[WhiteElo "2230"]
[BlackElo "2184"]
[PlyCount "77"]
[EventDate "2023.04.30"]
[WhiteTeam "Gonzaga"]
[BlackTeam "Chessable White Rose 2"]

1. e4 c5 2. Nc3 Nc6 3. g3 g6 4. Bg2 Bg7 5. d3 d6 6. f4 e5 7. Be3 exf4 8. gxf4
Qh4+ 9. Kf1 Nh6 10. Nf3 Qd8 11. h3 f5 12. Qd2 O-O 13. Re1 Qb6 14. b3 Qa5 15.
Nd5 Qd8 16. Kg1 Be6 17. Kh2 Kh8 18. Rhf1 Rc8 19. Ng5 Bg8 20. c4 Qd7 21. Rf2 Nf7
22. Nf3 Rce8 23. exf5 Qxf5 24. Nc7 Rc8 25. Nb5 a6 26. Nc3 Nb4 27. Ne4 Rce8 28.
Nh4 Qh5 29. Nf3 Nh6 30. Ng3 Ng4+ 31. Kg1 Rxe3 32. Nxh5 Rxe1+ 33. Qxe1 Nxd3 34.
Qe7 gxh5 35. Rd2 Nxf4 36. hxg4 d5 37. Ng5 Nxg2 38. Kxg2 d4 39. Rf2 1-0

[Event "4NCL Division One"]
[Site "Milton Keynes, ENG"]
[Date "2023.04.30"]
[Round "10.56"]
[White "Keetman, Maaike"]
[Black "Thorarinsson, Pall A."]
[Result "1/2-1/2"]
[WhiteElo "2129"]
[BlackElo "2203"]
[PlyCount "51"]
[EventDate "2023.04.30"]
[WhiteTeam "Chessable White Rose 2"]
[BlackTeam "Gonzaga"]

1. e4 d6 2. d4 Nf6 3. Nc3 g6 4. Bg5 Bg7 5. Qd2 h6 6. Bh4 g5 7. Bg3 Nh5 8. O-O-O
Nc6 9. Qe3 e6 10. Be2 Nf4 11. d5 Nxe2+ 12. Ngxe2 Ne5 13. Nd4 Bd7 14. h4 Qf6 15.
dxe6 fxe6 16. hxg5 hxg5 17. Rxh8+ Bxh8 18. Bxe5 Qxe5 19. Nf3 Qf4 20. Qxf4 gxf4
21. e5 Bxe5 22. Nxe5 dxe5 23. Re1 Ke7 24. Rxe5 Rg8 25. Re4 Rxg2 26. Rxf4
1/2-1/2

[Event "4NCL Division One"]
[Site "Milton Keynes, ENG"]
[Date "2023.04.30"]
[Round "10.57"]
[White "Murray, David"]
[Black "Wall, Tim P"]
[Result "0-1"]
[WhiteElo "2129"]
[BlackElo "2205"]
[PlyCount "44"]
[EventDate "2023.04.30"]
[WhiteTeam "Gonzaga"]
[BlackTeam "Chessable White Rose 2"]

1. c4 b6 2. Nc3 Bb7 3. e4 e5 4. g3 f5 5. Bg2 Nf6 6. d3 fxe4 7. dxe4 Bc5 8. Nf3
O-O 9. O-O Nc6 10. Nh4 Nd4 11. Nd5 c6 12. Ne3 d5 13. exd5 cxd5 14. cxd5 Nxd5
15. Qh5 Nf6 16. Qxe5 Qd7 17. b4 Ne2+ 18. Kh1 Bd4 19. Qg5 Bxa1 20. Nhf5 Bc3 21.
Rd1 Ne4 22. Rxd7 Nxf2# 0-1

[Event "4NCL Division One"]
[Site "Milton Keynes, ENG"]
[Date "2023.04.30"]
[Round "10.58"]
[White "Kisteneva, Liza"]
[Black "Putar, Lara"]
[Result "1-0"]
[WhiteElo "2065"]
[BlackElo "1861"]
[PlyCount "123"]
[EventDate "2023.04.30"]
[WhiteTeam "Chessable White Rose 2"]
[BlackTeam "Gonzaga"]

1. e4 e6 2. Nf3 d5 3. Nc3 c5 4. exd5 exd5 5. d4 Nc6 6. Bg5 Be7 7. Bxe7 Ngxe7 8.
dxc5 Qa5 9. Bb5 O-O 10. a3 Bg4 11. Bxc6 bxc6 12. b4 Qa6 13. Qe2 Qxe2+ 14. Nxe2
Bxf3 15. gxf3 Nf5 16. O-O-O Rfe8 17. Rhe1 a5 18. Ng3 Rxe1 19. Rxe1 Nd4 20. Re3
axb4 21. axb4 g6 22. Kb2 Kf8 23. c3 Nb5 24. Ne2 Na3 25. Rd3 Nc4+ 26. Kb1 Ke7
27. Nd4 Kd7 28. f4 Re8 29. Rh3 Re1+ 30. Kc2 Rf1 31. f3 h5 32. f5 Ne3+ 33. Kd3
Ng2 34. Ke2 Ra1 35. Rg3 Ra2+ 36. Kf1 Nf4 37. fxg6 fxg6 38. h4 Rh2 39. Rg1 Rxh4
40. Ne2 Nxe2 41. Kxe2 Rc4 42. Kd3 Rf4 43. Rxg6 Rxf3+ 44. Kd4 h4 45. Rd6+ Kc7
46. Rh6 h3 47. Rh7+ Kb8 48. b5 cxb5 49. c6 Kc8 50. Kc5 Rf8 51. Kb6 h2 52. Rxh2
Kd8 53. Kb7 Ke7 54. Rh7+ Kd6 55. c7 Kc5 56. c8=Q+ Rxc8 57. Kxc8 Kc4 58. Rc7+
Kb3 59. Rc5 b4 60. cxb4 d4 61. b5 Kb4 62. Rd5 1-0

[Event "4NCL Division One"]
[Site "Milton Keynes, ENG"]
[Date "2023.04.30"]
[Round "10.61"]
[White "Fernandez, Daniel Howard"]
[Black "Rudd, Jack"]
[Result "1-0"]
[WhiteElo "2512"]
[BlackElo "2294"]
[PlyCount "104"]
[EventDate "2023.04.30"]
[WhiteTeam "Wood Green Youth"]
[BlackTeam "West is Best 1"]

1. c4 Nf6 2. g3 g6 3. b4 Bg7 4. Bb2 O-O 5. Bg2 c6 6. d3 Qb6 7. Qd2 a5 8. bxa5
Rxa5 9. Bc3 Rh5 10. h3 Ne8 11. Nf3 d6 12. a4 f5 13. a5 Qc7 14. c5 dxc5 15. Bxg7
Nxg7 16. Qf4 Qxf4 17. gxf4 Ne6 18. Ra4 Na6 19. h4 Nb4 20. e3 Nxd3+ 21. Ke2 Nb4
22. Nbd2 b5 23. axb6 Ba6+ 24. Rxa6 Nxa6 25. Ne5 Nb4 26. Nxc6 Nxc6 27. Bxc6 Rb8
28. Nc4 Nd8 29. Bf3 Rh6 30. Kd3 g5 31. hxg5 Rhxb6 32. Nxb6 Rxb6 33. Rc1 Rd6+
34. Ke2 Ne6 35. Bb7 Kg7 36. Bc8 h6 37. gxh6+ Kxh6 38. Bxe6 Rxe6 39. Rxc5 Kg6
40. Re5 Kf6 41. Rxe6+ Kxe6 42. Kd3 Kd5 43. f3 e6 44. Kc3 Kc5 45. e4 fxe4 46.
fxe4 Kd6 47. Kb4 Kc6 48. Kc4 Kd6 49. Kb5 Kc7 50. Kc5 Kd7 51. Kb6 Kd6 52. e5+
Kd5 1-0

[Event "4NCL Division One"]
[Site "Milton Keynes, ENG"]
[Date "2023.04.30"]
[Round "10.62"]
[White "Cooper, John G"]
[Black "Royal, Shreyas"]
[Result "1/2-1/2"]
[WhiteElo "2250"]
[BlackElo "2438"]
[PlyCount "108"]
[EventDate "2023.04.30"]
[WhiteTeam "West is Best 1"]
[BlackTeam "Wood Green Youth"]

1. c4 Nf6 2. Nf3 e6 3. Nc3 d5 4. e3 c5 5. d4 Nc6 6. cxd5 Nxd5 7. Bd3 cxd4 8.
exd4 Be7 9. O-O O-O 10. Qe2 Ndb4 11. Be4 Bf6 12. a3 Nd5 13. Rd1 Nce7 14. h4 Bd7
15. Qc2 h6 16. Bg5 Bc6 17. Bxf6 Nxf6 18. Bxc6 Nxc6 19. Qb3 Na5 20. Qa2 Nd5 21.
Rac1 Nxc3 22. Rxc3 Qd6 23. d5 Rac8 24. Rcd3 e5 25. Nd2 Qg6 26. Qb1 Rfd8 27. d6
Nc6 28. Nb3 a5 29. Rd5 Qg4 30. Qd3 a4 31. Nc5 b6 32. Qe4 Qxe4 33. Nxe4 f6 34.
Nc3 Nd4 35. Nxa4 Rc6 36. Nc3 Rcxd6 37. Rxd6 Rxd6 38. f3 Kf7 39. Kf2 Rc6 40. h5
Ke6 41. f4 Rc4 42. fxe5 fxe5 43. Rd3 Nf5 44. Rd8 Rf4+ 45. Ke2 Rg4 46. Kf3 Rf4+
47. Ke2 Ng3+ 48. Ke3 Rc4 49. Rb8 Nf5+ 50. Kf2 Rc6 51. Rb7 Rd6 52. Ne4 Rc6 53.
Nc3 Rd6 54. Ne4 Rc6 1/2-1/2

[Event "4NCL Division One"]
[Site "Milton Keynes, ENG"]
[Date "2023.04.30"]
[Round "10.63"]
[White "Willow, Jonah B"]
[Black "Rees, Ioan"]
[Result "1-0"]
[WhiteElo "2468"]
[BlackElo "2287"]
[PlyCount "79"]
[EventDate "2023.04.30"]
[WhiteTeam "Wood Green Youth"]
[BlackTeam "West is Best 1"]

1. e4 e5 2. Nf3 Nc6 3. Bc4 Bc5 4. c3 Nf6 5. d4 exd4 6. e5 d5 7. Bb5 Ne4 8. cxd4
Bb6 9. Be3 O-O 10. Nc3 f5 11. exf6 Nxc3 12. bxc3 Qxf6 13. Qb3 Ne7 14. O-O c6
15. Bd3 Bc7 16. Rae1 Ng6 17. Bg5 Qd6 18. Ne5 Bf5 19. Bxf5 Rxf5 20. f4 b5 21. g4
Rff8 22. f5 Nxe5 23. dxe5 Qc5+ 24. Kh1 a5 25. e6 a4 26. Qb4 Bd6 27. e7 Rfe8 28.
f6 gxf6 29. Qxc5 Bxc5 30. Bxf6 Ra7 31. Re5 h6 32. g5 Bxe7 33. gxh6 Kh7 34. Bg5
Kg6 35. Be3 Raa8 36. Re6+ Kh5 37. Rf5+ Kg4 38. Rfe5 d4 39. Bxd4 c5 40. Bxc5 1-0

[Event "4NCL Division One"]
[Site "Milton Keynes, ENG"]
[Date "2023.04.30"]
[Round "10.64"]
[White "Macfarlane, Donald"]
[Black "Czopor, Maciej"]
[Result "0-1"]
[WhiteElo "2207"]
[BlackElo "2403"]
[PlyCount "54"]
[EventDate "2023.04.30"]
[WhiteTeam "West is Best 1"]
[BlackTeam "Wood Green Youth"]

1. c4 e6 2. Nf3 d5 3. e3 Nf6 4. b3 b6 5. Bb2 Bb7 6. Be2 Nbd7 7. O-O a6 8. Nc3
Bd6 9. Qc2 O-O 10. a3 Rc8 11. cxd5 exd5 12. b4 c5 13. bxc5 bxc5 14. Qf5 d4 15.
exd4 cxd4 16. Nxd4 Rc5 17. Qh3 Rg5 18. Bf3 Bc8 19. Qh4 Rg6 20. Ne4 Ne5 21.
Nxf6+ Rxf6 22. Be4 Ng6 23. Qh5 Rf4 24. Bxg6 Rh4 25. Bxh7+ Kh8 26. Qf3 Bxh2+ 27.
Kh1 Bg3+ 0-1

[Event "4NCL Division One"]
[Site "Milton Keynes, ENG"]
[Date "2023.04.30"]
[Round "10.65"]
[White "Yao, Lan"]
[Black "Jones, Steven A"]
[Result "0-1"]
[WhiteElo "2278"]
[BlackElo "2127"]
[PlyCount "114"]
[EventDate "2023.04.30"]
[WhiteTeam "Wood Green Youth"]
[BlackTeam "West is Best 1"]

1. e4 c5 2. Nf3 Nc6 3. Nc3 Nf6 4. Bb5 Qc7 5. O-O Nd4 6. Bc4 e6 7. d3 a6 8. Nxd4
cxd4 9. Ne2 Nxe4 10. Nxd4 Nf6 11. Bg5 Bc5 12. c3 b5 13. Bb3 Bb7 14. a4 Bxd4 15.
cxd4 Qc6 16. f3 Qd6 17. Be3 O-O 18. axb5 axb5 19. Rc1 Qb4 20. Rc3 Bd5 21. Qc2
h6 22. Rc1 Kh7 23. Bf2 Qd6 24. Rc5 Qb6 25. Bh4 d6 26. Bxf6 dxc5 27. dxc5 Qc6
28. Be5 Rfc8 29. Qc3 f6 30. Bg3 Bxb3 31. Qxb3 e5 32. d4 exd4 33. Qd3+ Kg8 34.
Qxd4 Qe6 35. b4 Rd8 36. Bd6 Ra2 37. Qe4 Kf7 38. Qxe6+ Kxe6 39. Re1+ Kd5 40. Re7
g5 41. Bc7 Rda8 42. Ba5 R8xa5 43. bxa5 b4 44. h4 Rxa5 45. hxg5 hxg5 46. Kf2 b3
47. Rb7 Kc4 48. c6 Kc3 49. c7 Rc5 50. Ke3 b2 51. f4 Rc4 52. fxg5 fxg5 53. Rb8
Rxc7 54. Ke4 Kc2 55. Kf5 b1=Q 56. Rxb1 Kxb1 57. Kxg5 Rg7+ 0-1

[Event "4NCL Division One"]
[Site "Milton Keynes, ENG"]
[Date "2023.04.30"]
[Round "10.66"]
[White "Blackburn, Jonathan L B"]
[Black "Hunt, Harriet V"]
[Result "1-0"]
[WhiteElo "2162"]
[BlackElo "2346"]
[PlyCount "81"]
[EventDate "2023.04.30"]
[WhiteTeam "West is Best 1"]
[BlackTeam "Wood Green Youth"]

1. d4 Nf6 2. c4 e6 3. Nf3 b6 4. g3 Ba6 5. Qc2 Bb7 6. Bg2 c5 7. d5 exd5 8. cxd5
Nxd5 9. O-O Be7 10. Qe4 Bc6 11. Ne5 Nf6 12. Nxc6 Nxc6 13. Qa4 Rc8 14. Nc3 O-O
15. Rd1 a5 16. Bf4 Nd4 17. Be5 Nc6 18. Bf4 Nd4 19. e3 Ne6 20. Bd6 c4 21. Nb5
Bxd6 22. Nxd6 Rc7 23. Nxc4 Rc5 24. Nd6 Qc7 25. b4 axb4 26. Qxb4 Rb8 27. a4 h5
28. h3 Rc2 29. e4 Qc5 30. Qxc5 Nxc5 31. e5 Ne8 32. Ne4 Rd8 33. Rdb1 Nxe4 34.
Bxe4 Re2 35. Bf3 Rxe5 36. Rxb6 Ra5 37. Rb5 Rxb5 38. axb5 Nf6 39. b6 Rb8 40. Ra8
Rxa8 41. Bxa8 1-0

[Event "4NCL Division One"]
[Site "Milton Keynes, ENG"]
[Date "2023.04.30"]
[Round "10.67"]
[White "Durak, Can"]
[Black "Zeidler, Sven P."]
[Result "1-0"]
[WhiteElo "2301"]
[BlackElo "2113"]
[PlyCount "123"]
[EventDate "2023.04.30"]
[WhiteTeam "Wood Green Youth"]
[BlackTeam "West is Best 1"]

1. d4 f5 2. c4 Nf6 3. Nc3 d6 4. Nf3 g6 5. e3 Bg7 6. Be2 O-O 7. O-O c6 8. b4 e5
9. dxe5 dxe5 10. Qb3 e4 11. Nd4 Qe7 12. Ba3 Re8 13. c5+ Kh8 14. b5 a6 15. bxc6
Nxc6 16. Rad1 Qe5 17. Na4 f4 18. exf4 Qxf4 19. Bc1 Qe5 20. Nxc6 bxc6 21. Bb2
Qg5 22. Nb6 Rb8 23. Qg3 Qxg3 24. fxg3 Nd5 25. Bxg7+ Kxg7 26. Nxc8 Rexc8 27.
Bxa6 Rc7 28. Rfe1 Rb2 29. Bc4 Rf7 30. Rxe4 Rff2 31. Bf1 Rxa2 32. Re6 Rfc2 33.
h4 Rxc5 34. Bd3 Rc3 35. Be4 Rxg3 36. Rxc6 Nf6 37. Rc7+ Kh6 38. Bf3 Ra3 39. Kf2
Rgxf3+ 40. gxf3 Ra2+ 41. Kg1 Ra4 42. Rf7 Rf4 43. Kg2 Nh5 44. Rdd7 Rxf7 45. Rxf7
Ng7 46. Kh3 Nf5 47. Ra7 Ne3 48. Ra3 Nf5 49. Kg4 Ng7 50. Ra5 Ne8 51. Ra6 Ng7 52.
Rf6 Nh5 53. Re6 Kg7 54. Kg5 h6+ 55. Kg4 Kf7 56. Ra6 Ng7 57. Kf4 Nf5 58. h5 Ne7
59. Ke5 gxh5 60. Rxh6 Ng6+ 61. Kf5 Nh4+ 62. Ke4 1-0

[Event "4NCL Division One"]
[Site "Milton Keynes, ENG"]
[Date "2023.04.30"]
[Round "10.68"]
[White "O'Gorman, Alice"]
[Black "Kalaiyalahan, Akshaya"]
[Result "1-0"]
[WhiteElo "2046"]
[BlackElo "2202"]
[PlyCount "87"]
[EventDate "2023.04.30"]
[WhiteTeam "West is Best 1"]
[BlackTeam "Wood Green Youth"]

1. c4 e6 2. e4 c5 3. Nc3 Nc6 4. Nf3 Nd4 5. d3 Ne7 6. Bg5 Qb6 7. Rb1 Nec6 8. g3
d6 9. Bg2 Ne5 10. Nxe5 dxe5 11. O-O Bd6 12. Qg4 f6 13. Be3 O-O 14. f4 Nc2 15.
Bd2 exf4 16. gxf4 Bd7 17. Kh1 Kh8 18. e5 fxe5 19. fxe5 Bxe5 20. Ne4 Qc7 21. Ng5
Bf6 22. Nxh7 Kxh7 23. Be4+ Kg8 24. Qh5 Bc6 25. Qh7+ Kf7 26. Bg5 Bxe4+ 27. dxe4
Ke8 28. Bxf6 Ne3 29. Rf3 Qf7 30. Rxe3 Qxf6 31. Qh5+ g6 32. Qxc5 Rh8 33. Qb5+
Kf8 34. Qxb7 Qf2 35. Qxa8+ Kg7 36. Qxa7+ Kf6 37. Qd4+ e5 38. Qd6+ Kf7 39. Qxe5
Qxe3 40. Rf1+ Kg8 41. Qe8+ Kh7 42. Rf7+ Kh6 43. Qxh8+ Kg5 44. Qe5+ 1-0